| 000 | 01152 a2200169 4500 | ||
|---|---|---|---|
| 003 | NUST | ||
| 005 | 20221201140233.0 | ||
| 040 | _cNust | ||
| 082 | _a537,HUT | ||
| 100 |
_aHutchinson,W . Robert _9103918 |
||
| 245 |
_aElementary electricity and magnetism / _cHutchimson,Robert W. |
||
| 260 |
_aLondon _bUniversity press |
||
| 300 | _a473 p.: | ||
| 505 | _aStarting points in our knowledge of electricity (Page-1), Old ideas and new ideas (Page-8), Facts about magnet and magnetism (Page-31), Magnetic fields and electric fields (Page-93), Magnetic theory and magnetic measurement (Page-127), The earth magnetism and the atmoisphere electricity (Page-162), Simple theory in curent electricity (Page-201), Galvano meters (Page-235), Electrical measurements (Page-263), Electricity and chemistry (Page-290), Electricity and heat (Page-329), Electricity induction (Page-358), Generators,motors,measuring instruments,telephones (Page-381), Radiation from high frequency circuits,wireless and television (Page-407), EWxercises and test questions (Page-446), Answers (Page-466). | ||
| 650 |
_a Electricity and magnetism _964093 |
||
| 942 |
_2ddc _cBK _k537,HUT |
||
| 999 |
_c184099 _d184099 |
||